000
00318nam a22001337a 4500
008
171024b xxu||||| |||| 00| 0 eng d
020
_a
0135610192
041
_a
eng
080
_a
311
100
_a
55
101
_a
STA
245
_a
MATHEMATICAL ANALYSIS FOR BUSINESS AND ECONOMICS
_c
ARYA.J.C
942
_2
udc
_c
BK
999
_c
35685
_d
35685